| 000 | 00492nam a2200181 a 4500 | ||
|---|---|---|---|
| 001 | 8341 | ||
| 005 | 20180713192254.0 | ||
| 008 | 140415s1993 mx 000 0 spa d | ||
| 041 | _aspa | ||
| 082 |
_a632.954 _bGOM |
||
| 100 | 1 | _aGOMEZ BRINDIS, JOSE GUDALUPE | |
| 245 | 1 | 0 | _aCONTROL QUIMICO DE LA MELAZA |
| 250 | _a1a ed. | ||
| 260 |
_aMEXICO : _bTRILLAS, _c1993 |
||
| 300 | _a250 | ||
| 650 | 1 | 4 |
_aCONTROL DE MALEZAS _xHERBICIDAS |
| 700 | 1 |
_aVAN DER MERSCH, CHARLES _ecoaut. |
|
| 999 |
_c8341 _d8341 |
||